000 01360nam a22004097a 4500
001 0003691
003 KOHA_MİRAKIL
005 20260207001344.0
007 ta
008 090415b2002 tu |||gr||||#||||0|tur |
020 _a9754708746
040 _aTR-BiSEU
_btur
_cTR-BiSEU
_erda
041 0 _atur
044 _ctu
050 _aHF1359
_b.Y45 2002
100 1 _aYeldan, Erinç.
245 1 _aKüreselleşme sürecinde Türkiye ekonomisi :bölüşüm, birikim ve büyüme/
_cErinç Yeldan ; Erinç Yeldan.
264 1 _aİstanbul :
_bİletişim, 2002
_c2002
300 _a202 sayfa; 23 cm.
336 _ametin
_btxt
_2rdacontent
337 _aaracısız
_bn
_2rdamedia
338 _acilt
_bnc
_2rdacarrier
490 1 _aİletişim yayınları ;
_v710.
490 1 _aAraştırma-inceleme dizisi ;
_v109.
500 _aKaynakça var.
650 0 _aInternational economic relations.
_93539
650 0 _aTurkey--Economic policy.
_92265
650 0 _aGlobalization.
_98441
650 0 _aTurkey--Economic conditions.
_98442
650 0 _aUluslararası ekonomik ilişkiler.
_95139
650 0 _aTürkiye--Ekonomik politika.
_98443
650 0 _aKüreselleşme.
_96273
650 0 _aTürkiye--Ekonomik durum.
_98444
830 1 _aİletişim yayınları ;
_v710.
_92528
830 1 _aAraştırma-inceleme dizisi ;
_v109.
_92529
942 _2lcc
_cBK
999 _c3675
_d3675